<?xml version="1.0" encoding="UTF-8"?>
<record
    xmlns:xsi="http://www.w3.org/2001/XMLSchema-instance"
    xsi:schemaLocation="http://www.loc.gov/MARC21/slim http://www.loc.gov/standards/marcxml/schema/MARC21slim.xsd"
    xmlns="http://www.loc.gov/MARC21/slim">

  <leader>02070agaaa2200313   4500</leader>
  <controlfield tag="001">4693</controlfield>
  <controlfield tag="003">IT-RoPAU</controlfield>
  <controlfield tag="005">20220918181244.0</controlfield>
  <controlfield tag="007">d cvaizq</controlfield>
  <controlfield tag="008">50131s9999||||xx ||| |     ||   ||und||</controlfield>
  <datafield tag="040" ind1=" " ind2=" ">
    <subfield code="a">IT-RoPAU</subfield>
    <subfield code="c">IT-RoPAU</subfield>
  </datafield>
  <datafield tag="041" ind1=" " ind2=" ">
    <subfield code="a">ITALIANO</subfield>
  </datafield>
  <datafield tag="100" ind1=" " ind2=" ">
    <subfield code="a">Sanna Piero</subfield>
    <subfield code="g">Codice regista SPICS: 57760</subfield>
    <subfield code="9">46269</subfield>
  </datafield>
  <datafield tag="130" ind1=" " ind2=" ">
    <subfield code="a">DESTINAZIONE (LA)</subfield>
    <subfield code="9">46270</subfield>
  </datafield>
  <datafield tag="245" ind1=" " ind2=" ">
    <subfield code="a">DESTINAZIONE (LA)</subfield>
    <subfield code="c">Prodotto da: Siena Marcello -- Sceneggiatura: Sanna Piero Fraternale Franco Alberione Ezio -- Diretto da: Sanna Piero</subfield>
    <subfield code="p">DESTINAZIONE (LA) (Rif. Codice opera principale : H4693)</subfield>
  </datafield>
  <datafield tag="250" ind1=" " ind2=" ">
    <subfield code="a">Edizione Standard</subfield>
  </datafield>
  <datafield tag="260" ind1=" " ind2=" ">
    <subfield code="a">(ITALIA)</subfield>
    <subfield code="b">IPOTESI CINEMA - RAI CINEMAFICTION / </subfield>
    <subfield code="g">"2002 (1&#xB0; ed.: 2004 ; Ed. Lingua Orig.: n.d.)"</subfield>
  </datafield>
  <datafield tag="300" ind1=" " ind2=" ">
    <subfield code="a">DVD</subfield>
    <subfield code="b">sonoro, col.</subfield>
    <subfield code="c">117 minuti</subfield>
  </datafield>
  <datafield tag="508" ind1=" " ind2=" ">
    <subfield code="a">"Fotografia: Della Chiesa Emilio; Montaggio: Sanna Piero; Musica: Palmas Mauro; Sceneggiatura: Sanna Piero Fraternale Franco Alberione Ezio; Scenografia: Rubeo Antonia; "</subfield>
  </datafield>
  <datafield tag="511" ind1=" " ind2=" ">
    <subfield code="a">"Magnani Roberto; Balia Elisabetta; Fois Vanni; Ballore Raffaele; Brotzu Sebastiano"</subfield>
  </datafield>
  <datafield tag="520" ind1=" " ind2=" ">
    <subfield code="a">ARRUOLATOSI NELL'ARMA DEI CARABINIERI, EMILIO SI TRASFERISCE PER L'ADDESTRAMENTO A ROMA DOVE CONOSCE UN RAGAZZO SARDO, COSTANTINO, TACITURNO E SEVERO. AL TERMINE DEL CORSO EMILIO VIENE DESTINATO A PRESTARE SERVIZIO IN UN PICCOLO PAESE DELLA BARBAGIA. IL SUO PRIMO INCARICO E' DI INDAGARE SULL'OMICIDIO DI UN PASTORE UCCISO DAVANTI AL FIGLIOLETTO EFISIO CHE, NASCOSTO DA UN CESPUGLIO, HA POTUTO VEDERE IN FACCIA IL SICARIO. POCO ALLA VOLTA, FRA INDAGINI DIFFICOLTOSE ED UNA CONTRASTATA STORIA D'AMORE CON GIACOMINA, EMILIO SI RENDE CONTO DI ESSERE SBARCATO IN UN MONDO PROFONDAMENTE DIVERSO DA QUELLO CUI E' ABITUATO.</subfield>
  </datafield>
  <datafield tag="538" ind1=" " ind2=" ">
    <subfield code="a">PAL, STEREO</subfield>
  </datafield>
  <datafield tag="546" ind1=" " ind2=" ">
    <subfield code="a">ITALIANO</subfield>
  </datafield>
  <datafield tag="650" ind1=" " ind2=" ">
    <subfield code="a">DRAMMATICO</subfield>
    <subfield code="e">DVD-FILM [DVD]</subfield>
    <subfield code="x">Codice MATERIA SPICS: 9947</subfield>
    <subfield code="9">46271</subfield>
  </datafield>
  <datafield tag="700" ind1=" " ind2=" ">
    <subfield code="a">Palmas Mauro</subfield>
    <subfield code="e">(musica)</subfield>
    <subfield code="g">Codice Musica SPICS: 57761</subfield>
    <subfield code="9">46272</subfield>
  </datafield>
  <datafield tag="700" ind1=" " ind2=" ">
    <subfield code="a">Sanna Piero </subfield>
    <subfield code="e">(regista)</subfield>
    <subfield code="g">Codice regista SPICS: 57760</subfield>
    <subfield code="9">46273</subfield>
  </datafield>
  <datafield tag="700" ind1=" " ind2=" ">
    <subfield code="a">Sanna Piero </subfield>
    <subfield code="e">(soggetto)</subfield>
    <subfield code="g">Codice Soggetto SPICS: 57760</subfield>
    <subfield code="9">46274</subfield>
  </datafield>
  <datafield tag="942" ind1=" " ind2=" ">
    <subfield code="c">DV</subfield>
    <subfield code="2">ddc</subfield>
  </datafield>
  <datafield tag="999" ind1=" " ind2=" ">
    <subfield code="c">106326</subfield>
    <subfield code="d">106326</subfield>
  </datafield>
  <datafield tag="952" ind1=" " ind2=" ">
    <subfield code="0">0</subfield>
    <subfield code="1">0</subfield>
    <subfield code="4">0</subfield>
    <subfield code="6">H_4693_000000000000000</subfield>
    <subfield code="7">1</subfield>
    <subfield code="a">SPICS</subfield>
    <subfield code="b">SPICS</subfield>
    <subfield code="d">2015-01-31</subfield>
    <subfield code="l">0</subfield>
    <subfield code="o">H4693</subfield>
    <subfield code="r">2015-01-31 00:00:00</subfield>
    <subfield code="w">2015-01-31</subfield>
    <subfield code="y">DV</subfield>
    <subfield code="z">Progr. Ins.: 3127 / N.Vol.:1 / Copie: 1 / Pag.:0 / Copia rara: n.d. / date import: 1.2.2015 / By Epidotti, Trombetti, Vaglietti</subfield>
  </datafield>
</record>
